LEADER 00823nam0-22003011i-450- 001 990003173860403321 035 $a000317386 035 $aFED01000317386 035 $a(Aleph)000317386FED01 035 $a000317386 100 $a20000920d1969----km-y0itay50------ba 101 0 $aita 102 $aIT 200 1 $a<>R & D Game$eTechnical Men, TechnicalManagers, and Research Productivity$fDavid Allison, Editor. 205 $a2nd Printing. 210 $aCambridge$dMass.$cThe M.I.T. Press$d1969. 215 $aVIII, 322 p.$d21 cm 676 $a18100 676 $a18530 702 1$aAllison,$bDavid 801 0$aIT$bUNINA$gRICA$2UNIMARC 901 $aBK 912 $a990003173860403321 952 $a18100 ALL$b3941/I$fSES 959 $aSES 996 $aR & D Game$9458059 997 $aUNINA DB $aING01 LEADER 01164nam--2200385---450- 001 990003566060203316 005 20111003094220.0 010 $a978-5-91395-043-7 035 $a000356606 035 $aUSA01000356606 035 $a(ALEPH)000356606USA01 035 $a000356606 100 $a20110919d2009----km-y0itay50------ba 101 0 $arus 102 $aRU 105 $a||||||||001yy 200 1 $aLingvkul'turologia$eteoria i praktika$fE.I. Zinou'jeva, E. E. Jurkov 210 $aSankt-Peterburg$cMIRS$d2009 215 $a291 p.$d21 cm 300 $aTitolo e nome degli autori in russo, traslitterati 606 0 $aLingua russa$2BNCF 676 $a491.78 700 1$aZINOU'JEVA,$bE.I.$0610563 701 1$aJURKOV,$bE.E.$0610564 801 0$aIT$bsalbc$gISBD 912 $a990003566060203316 951 $aVIII.1.D. 86$b5352 L.G.$cVIII.1.D.$d00299166 959 $aBK 969 $aUMA 979 $aIANNONE$b90$c20110919$lUSA01$h1222 979 $aIANNONE$b90$c20111003$lUSA01$h0934 979 $aIANNONE$b90$c20111003$lUSA01$h0941 979 $aIANNONE$b90$c20111003$lUSA01$h0942 996 $aLingvkul'turologia$91115581 997 $aUNISA LEADER 00957nam2-2200373---450- 001 990005895090203316 005 20131007093028.0 010 $a978-88-02-08230-1 035 $a000589509 035 $aUSA01000589509 035 $a(ALEPH)000589509USA01 035 $a000589509 100 $a20131007d2010----km-y0itay50------ba 101 $aita 102 $aIT 105 $a||||||||001yy 200 1 $a<<1.:>> A-M 210 $aTorino$cUTET$d2010 215 $aXXIII, 837 p.$d30 cm 410 0$12001 454 1$12001 461 1$1001000589508$12001 606 0 $aLingua italiana$xDizionari$xSinonimi e contrari 676 $a453.1 702 1$aDE MAURO,$bTullio 801 0$aIT$bsalbc$gISBD 912 $a990005895090203316 951 $aI.0.E.28/1$b144 DIPSUM 959 $aBK 969 $aDSLL 979 $aMARANO$b90$c20131007$lUSA01$h0928 979 $aMARANO$b90$c20131007$lUSA01$h0930 996 $aA-M$91074077 997 $aUNISA